| 000 | 00505nam a22001577a 4500 | ||
|---|---|---|---|
| 999 |
_c535527 _d535527 |
||
| 020 | _qHard Cover. | ||
| 082 | _a620.0011 | ||
| 100 | _aBashir, Noman | ||
| 245 |
_aUsing stressed grids as a storage medium for renewable energy / _cNoman Bashir. |
||
| 260 |
_aIslamabad: _bUSPCASE NUST, _c2016. |
||
| 300 |
_a38 p. : _bill. ; _c30cm. |
||
| 942 |
_2ddc _cTHE |
||
| 650 |
_aEnergy System Engineering MS-Thesis. _928868 |
||
| 700 |
_aDr. Majid Ali _929033 |
||